000
00328 a2200169 4500
001
192229
020
_a
85-322-0379-5
040
_c
Magnum
100
_a
Pompéia, Raul
240
1
0
_a
O Ateneu
_l
por
245
1
0
_a
O Ateneu
300
_a
198
362
0
_a
1992
440
1
_a
FTD
697
_a
LITERATURA GERAL
942
_c
BK
999
_c
192229
_d
192229